| 000 | 00893cab a2200241 4500 | ||
|---|---|---|---|
| 001 | WB3109-25 | ||
| 008 | 090401t1995 xxu||||| |||| 00| 0 eng d | ||
| 035 | _a(Sirsi) u15512 | ||
| 041 | _aeng | ||
| 245 | _aComparable rent includes service charge | ||
| 260 | _c1995 | ||
| 350 | _a0 | ||
| 490 |
_aTimes _v28 February 1995, 36(1) |
||
| 520 | _a"R v East Yorkshire Borough of Beverley Housing Benefits Review Board, ex parte Hare" QBD 2 February 1995. In comparing rent payable for accommodation with rent for alternative accommodation, rent should include any service charge. Housing Benefit (General) Regulations 1987(SI 1987:1971). | ||
| 650 | _aALTERNATIVE ACCOMMODATION | ||
| 650 | _aHOUSING BENEFIT (GENERAL) REGULATIONS 1987 | ||
| 650 | _aHOUSING BENEFIT | ||
| 650 | _aRENT | ||
| 650 | _aSERVICE CHARGES | ||
| 690 | _aHOUSING-CASE LAW | ||
| 942 | _n0 | ||
| 948 | _c04/03/1997 | ||
| 999 |
_c10182 _d10182 |
||